000 00989nam a22002537a 4500
005 20240530110506.0
008 151012s2010 ua a g 000 0 ara d
017 _a2010/22913
_bمصر . دار الكتب المصرية
020 _a9789773143780
040 _aEG-CaGPL
082 0 4 _221
_a371.911/
_bح إ
100 0 _aحنان حسن سليمان .
245 1 2 _aالاحتياجات التربوية للمعاقين بصريا :
_bبين النظرية و التطبيق /
_cاعداد حنان حسن سليمان .
250 _aط1.
260 _aالقاهرة :
_bمكتبة زهراء الشرق ،
_c2010 .
300 _a242 ص ؛
_c24 سم .
504 _aيشتمل على ارجاعات ببليوجرافية
650 0 4 _aالمكفوفون .
650 0 4 _aالمكفوفون
_xعلم نفس .
650 0 4 _aالمكفوفون
_xرعاية .
650 0 4 _aالمكفوفون
_xتعليم .
942 _2ddc
_cBK
999 _c61574
_d61574